Programming systems and languages /

Salvato in:
Dettagli Bibliografici
Autori principali: Hamming, Richard W (Autore), Feigenbaum, Edward A (Autore)
Natura: Libro
Lingua:inglese
Pubblicazione: New York : McGraw-Hill, 1967
Tags: Aggiungi Tag
Nessun Tag, puoi essere il primo ad aggiungerne!!

MARC

LEADER 00000nam a22000003a 4500
001 stu33
005 20201020165837.3
008 910211s1967----xxu-----------------eng-d
040 |a STU  |b slo 
041 0 |a eng 
044 |a xxu 
080 |a 681.32.06 
080 |a 519.682 
100 1 |a Hamming, Richard W  |4 aut 
245 1 |a Programming systems and languages /  |c [aut.] Hamming,Richard W.; Feigenbaum,Edward A 
260 |a New York :  |b McGraw-Hill,  |c 1967 
300 |a 743 s 
700 1 |a Feigenbaum, Edward A  |4 aut 
996 |c I*16TJ4456  |l I  |s A  |a 24  |w stu33_0001